书目信息 |
| 题名: |
房地产经济学
|
|
| 作者: | 张永岳 , 陈伯庚 主编 | |
| 分册: | ||
| 出版信息: | 沈阳 辽宁大学出版社 2000 |
|
| 页数: | 313页 | |
| 开本: | 21cm | |
| 丛书名: | ||
| 单 册: | ||
| 中图分类: | F293.30 | |
| 科图分类: | ||
| 主题词: | 房地产经济学--高等教育--教材 | |
| 电子资源: | ||
| ISBN: | 978-7-5610-4023-2 | |
| 000 | 00979nam0 2200277 450 | |
| 001 | 0100080664 | |
| 005 | 20020928000000.0 | |
| 010 | @a978-7-5610-4023-2@dCNY15.00 | |
| 100 | @a20010329d2000 em y0chiy0110 ea | |
| 101 | 0 | @achi |
| 102 | @aCN@b210000 | |
| 105 | @ay z 000yy | |
| 106 | @ar | |
| 200 | 1 | @a房地产经济学@9Fang Di;De Chan Jing Ji Xue @f张永岳,陈伯庚主编@b专著 |
| 210 | @a沈阳@c辽宁大学出版社@d2000 | |
| 215 | @a313页@d21cm | |
| 300 | @a全国高等教育自学考试指定教材 房地产经营管理与管理专业(专科) | |
| 304 | @a全国高等教育自学考试指导委员会组编 | |
| 304 | @a附:房地产经济学自学考试大纲 | |
| 330 | @a本书包括:房地产经济学的研究对象,房地产业与国民经济,城市地租与土地区位,房地产市场,房地产价格等。 | |
| 606 | 0 | @a房地产经济学@x高等教育@j教材 |
| 690 | @aF293.30@v4 | |
| 701 | 0 | @a张永岳@f(1954~)@9zhang yong yue@4主编 |
| 701 | 0 | @a陈伯庚@f(1933~)@9chen bo geng@4主编 |
| 801 | 0 | @aCN@bAiZhiMarc@c20010410 |
| 905 | @aBZT@dF293.30@e2@f1@sF293.30/2 | |
| 房地产经济学/张永岳,陈伯庚主编.-沈阳:辽宁大学出版社,2000 |
| 313页;21cm |
| 全国高等教育自学考试指定教材 房地产经营管理与管理专业(专科) |
| ISBN 978-7-5610-4023-2:CNY15.00 |
| 本书包括:房地产经济学的研究对象,房地产业与国民经济,城市地租与土地区位,房地产市场,房地产价格等。 |
| ● |
| 相关链接 |
|
|
|
正题名:房地产经济学
索取号:F293.30/2
 
预约/预借
| 序号 | 登录号 | 条形码 | 馆藏地/架位号 | 状态 | 备注 |
| 1 | 2000134537 | 2000134537 | 旧书回溯/ [索取号:F293.30/2] | 在馆 |